| 000 | 00773nam a2200241 a 4500 | ||
|---|---|---|---|
| 001 | 609 | ||
| 003 | BR-CuiBMT | ||
| 005 | 20231127041607.0 | ||
| 008 | 231110s2017 spb 001 0 por d | ||
| 020 | _a9788522469277 | ||
| 040 |
_aBR-CuiBMT _cBR-CuiBMT |
||
| 080 |
_22007 _a342.9 |
||
| 090 |
_a342.9 _bC331m _c25. ed. |
||
| 100 | 1 | _aCarvalho Filho, José dos Santos | |
| 245 | 1 | 0 |
_aManual de direito administrativo / _cJosé dos Santos Carvalho Filho. |
| 250 | _a25. ed., rev., atual. e ampl. | ||
| 260 |
_aSão Paulo : _bAtlas, _c2012. |
||
| 300 |
_a1250 p. ; _c24 cm |
||
| 500 | _aEdição revista, ampliada e atualizada até a Lei nº 12.587, de 3.1.2012. | ||
| 504 | _aInclui bibliografia e índice. | ||
| 650 |
_aDireito administrativo _zBrasil |
||
| 942 |
_2udc _cLV |
||
| 999 |
_c609 _d609 |
||